| 000 | 01031nam a2200265 a 4500 | ||
|---|---|---|---|
| 001 | 78793 | ||
| 003 | BD-RjUL | ||
| 005 | 20211209083156.0 | ||
| 008 | 211115s19471366le c b 000 0 ara d | ||
| 035 | _a(BD-RjUL)79020 | ||
| 040 |
_cCarP _dPPT _dUkLeUBL _dUkOxU _aBD-RjUL _beng |
||
| 041 | _aara | ||
| 082 |
_a297.4 _bFAT 1947 |
||
| 100 | 1 |
_aفروخ، عمر.;; Farrūkh, ʿUmar, _d1906-1987. _9245188 |
|
| 245 | 1 | 3 |
_aالتصوف في الإسلام ;; al-Taṣawwuf fī al-Islām / _cتأليف عمر فروخ.;; taʼlīf ʿUmar Farrūkh. |
| 250 | _aالطبعة ١. ;; al-Ṭabʿah 1. | ||
| 260 |
_aبيروت : : _bmaktabat munayminah, _c1947. |
||
| 300 |
_a224 p. : _bport. ; _c22 cm. |
||
| 490 | _aدراسات قصيرة في الأدب و التاريخ و الفلسفة | ||
| 500 | _aIn Arabic. | ||
| 504 | _aIncludes bibiographical refrences (p. 204-212). | ||
| 650 | 0 |
_aMysticism _xIslam. _9250037 |
|
| 830 |
_aدراسات قصيرة في الأدب و التاريخ و الفلسفة _9249498 |
||
| 942 |
_2ddc _cBK |
||
| 999 |
_c78793 _d78793 |
||